[Event "2022 John Brooke Cup"]
[Site "Woodvale, Perth WA AUS"]
[Date "2022.09.14"]
[Round "6"]
[White "Browning, Thomas"]
[Black "Brooke, John"]
[Result "1-0"]
[EventDate "2022.08.10"]
[EventType "swiss"]
[EventRounds "7"]
[EventCountry "AUS"]
[TimeControl "3600+30"]
[WhiteElo "1496"]
[BlackElo "1346"]
[PlyCount "117"]

1. d4 d5 2. c4 c6 3. Nf3 Bf5 4. Nc3 Nf6 5. Bf4 h6 6. h3 e6 7. e3 Bb4 8. Bd3 Ne4
9. Rc1 Nd7 10. O-O Ndf6 11. Ne5 O-O 12. Nxe4 dxe4 13. Bb1 Qc8 14. c5 Ba5 15. g4
Bh7 16. g5 Nd5 17. gxh6 Nxf4 18. exf4 f5 19. hxg7 Rf6 20. Qh5 Bd2 21. Qg5 Qd8
22. Rcd1 Ba5 23. Kh1 Bc7 24. Rg1 Qe7 25. a3 Bxe5 26. dxe5 Rf7 27. Qxe7 Rxe7 28.
Ba2 Kf7 29. Rd6 Rg8 30. Kh2 Bg6 31. Rg5 Rxg7 32. h4 Ke8 33. Rxe6 Rxe6 34. Bxe6
Kf8 35. Kh3 Bh7 36. Rxg7 Kxg7 37. h5 Kf8 38. Kh4 Ke7 39. Bc8 b6 40. cxb6 axb6
41. Kg5 c5 42. Bxf5 Bxf5 43. Kxf5 c4 44. Kg6 b5 45. h6 Kf8 46. h7 c3 47. bxc3
e3 48. fxe3 b4 49. cxb4 Ke7 50. h8=Q Ke6 51. Qg8+ Kd7 52. e6+ Kd6 53. Kf6 Kd5
54. e7+ Ke4 55. e8=Q+ Kf3 56. Qa8+ Ke2 57. Qgg2+ Kd3 58. Qad5+ Kc3 59. Qgd2#
1-0

[Event "2022 John Brooke Cup"]
[Site "Woodvale, Perth WA AUS"]
[Date "2022.09.14"]
[Round "6"]
[White "Boswarva, Ernest"]
[Black "Massam, Justin"]
[Result "1-0"]
[EventDate "2022.08.10"]
[EventType "swiss"]
[EventRounds "7"]
[EventCountry "AUS"]
[TimeControl "3600+30"]
[WhiteElo "1506"]
[BlackElo "1442"]
[PlyCount "121"]

1. d4 d5 2. e3 e6 3. Bd3 c5 4. c3 c4 5. Bc2 b5 6. Nd2 Nf6 7. f4 Bd6 8. Ngf3 Ng4
9. Nf1 O-O 10. Bxh7+ Kh8 11. h3 Nf6 12. Bc2 Ne4 13. Bxe4 dxe4 14. Ng5 Qf6 15.
Qh5+ Qh6 16. Nxf7+ Rxf7 17. Qxf7 Nd7 18. Ng3 Qh4 19. Qh5+ Qxh5 20. Nxh5 Bb7 21.
h4 Rf8 22. Rf1 g6 23. Ng3 Nf6 24. Rh1 Nh5 25. Nxh5 gxh5 26. Bd2 Rg8 27. Rg1 Be7
28. g3 Bxh4 29. O-O-O Bxg3 30. Be1 h4 31. Bxg3 hxg3 32. Rg2 Bc6 33. Rh1+ Kg7
34. Rxg3+ Kf8 35. Rxg8+ Kxg8 36. Rh5 Kf7 37. Rc5 Bd7 38. Rc7 Ke7 39. Rxa7 Kd6
40. Kc2 Kc6 41. b3 Bc8 42. bxc4 bxc4 43. Ra5 Kb6 44. Re5 Kc6 45. a4 Kb6 46.
Rb5+ Ka6 47. Rc5 Bd7 48. Rxc4 Ka5 49. Rc5+ Kxa4 50. Re5 Bc6 51. Rxe6 Bd5 52.
Re5 Bb3+ 53. Kb2 Bd5 54. f5 Bc6 55. f6 Bd5 56. Rxe4 Bxe4 57. f7 Kb5 58. f8=Q
Kc4 59. Qf1+ Kd5 60. c4+ Kc6 61. Qf6+ 1-0

[Event "2022 John Brooke Cup"]
[Site "Woodvale, Perth WA AUS"]
[Date "2022.09.14"]
[Round "6"]
[White "Watson, Jake"]
[Black "Powell, Darren"]
[Result "0-1"]
[EventDate "2022.08.10"]
[EventType "swiss"]
[EventRounds "7"]
[EventCountry "AUS"]
[TimeControl "3600+30"]
[WhiteElo "1085"]
[BlackElo "1232"]
[PlyCount "62"]

1. e4 e5 2. Nf3 d6 3. c3 Nf6 4. Qc2 b6 5. d4 Nbd7 6. Bb5 Bb7 7. d5 a6 8. Bc6
Bxc6 9. dxc6 Nc5 10. O-O h6 11. Nbd2 b5 12. c4 Qb8 13. b4 Ne6 14. c5 dxc5 15.
bxc5 Bxc5 16. Nxe5 O-O 17. Qb3 Nd4 18. Qc3 Ne2+ 19. Kh1 Nxc3 20. Nb3 Qb6 21.
Bd2 Bd4 22. Be3 Bxe3 23. fxe3 Qxe3 24. Rfe1 Qf4 25. Nd3 Qh4 26. Ne5 Ncxe4 27.
Nf3 Qf4 28. Nbd4 Rae8 29. Ne2 Qd6 30. Rac1 g5 31. Red1 Nf2+ 0-1

[Event "2022 John Brooke Cup"]
[Site "Woodvale, Perth WA AUS"]
[Date "2022.09.14"]
[Round "6"]
[White "Leech, Martin"]
[Black "De Vas, Senudi"]
[Result "1-0"]
[EventDate "2022.08.10"]
[EventType "swiss"]
[EventRounds "7"]
[EventCountry "AUS"]
[TimeControl "3600+30"]
[WhiteElo "1476"]
[BlackElo "1050"]
[PlyCount "53"]

1. e4 e6 2. d4 d5 3. e5 c5 4. c3 Nc6 5. Nf3 Qb6 6. a3 Bd7 7. b4 cxb4 8. axb4 a5
9. Be2 f6 10. exf6 Nxf6 11. O-O Bd6 12. Bg5 Be7 13. Ne5 Bc8 14. Bh5+ g6 15. Be2
Nxe5 16. dxe5 Ne4 17. Be3 Qc7 18. Bd4 Bd7 19. f3 Ng5 20. Nd2 h5 21. Bd3 Kf7 22.
Qc2 axb4 23. Bxg6+ Kg7 24. f4 Nh7 25. Bxh5 bxc3 26. Qg6+ Kf8 27. Qf7# 1-0

[Event "2022 John Brooke Cup"]
[Site "Woodvale, Perth WA AUS"]
[Date "2022.09.14"]
[Round "6"]
[White "Rennie, Mike"]
[Black "Lanham, Bruce"]
[Result "0-1"]
[EventDate "2022.08.10"]
[EventType "swiss"]
[EventRounds "7"]
[EventCountry "AUS"]
[TimeControl "3600+30"]
[WhiteElo "880"]
[BlackElo "1168"]
[PlyCount "106"]

1. e4 d5 2. Bb5+ c6 3. Bd3 dxe4 4. Bxe4 Nf6 5. Qf3 Nbd7 6. d4 Nxe4 7. Qxe4 Nf6
8. Qd3 g6 9. Ne2 Bg7 10. O-O O-O 11. b4 Nd5 12. Ba3 Bg4 13. Nbc3 Nxc3 14. Nxc3
Qxd4 15. Bb2 Qxb4 16. Rab1 Rad8 17. Qe3 e6 18. a3 Qd4 19. Ne2 Qxe3 20. fxe3
Bxe2 21. Rfe1 Bg4 22. Bxg7 Kxg7 23. Rxb7 Rd2 24. Rxa7 Rxc2 25. Rc7 Rd8 26. h3
Be2 27. Kf2 Bb5+ 28. Kg3 Ra2 29. Rb1 Rxa3 30. Kf4 Rdd3 31. Rc1 Rxe3 32. Rc5
Rec3 33. Re5 Kf6 34. Re4 Rc4 35. g4 Rxe4+ 36. Kxe4 Rxh3 37. Kd4 Rg3 38. Kc5
Rxg4 39. Kb6 h5 40. Rd7 h4 41. Kc7 c5 42. Rd6 Rd4 43. Rb6 Bd3 44. Rb3 Bf5 45.
Rb5 c4 46. Kc6 h3 47. Kc5 Rd5+ 48. Kxc4 Rxb5 49. Kxb5 h2 50. Kc6 h1=Q+ 51. Kd7
e5+ 52. Ke8 Qd1 53. Kf8 Qd8# 0-1

[Event "2022 Wolfgang Leonhardt Cup"]
[Site "Woodvale, Perth WA AUS"]
[Date "2022.09.21"]
[Round "7"]
[White "Hernandez Mendez, Iker"]
[Black "Gibson, Jacob"]
[Result "1-0"]
[EventDate "2022.08.10"]
[EventType "swiss"]
[EventRounds "7"]
[EventCountry "AUS"]
[TimeControl "3600+30"]
[WhiteElo "1826"]
[BlackElo "1864"]
[PlyCount "53"]

1. e4 c5 2. Nf3 d6 3. Bb5+ Bd7 4. Bxd7+ Qxd7 5. O-O Nc6 6. Re1 g6 7. c3 Bg7 8.
d4 Nf6 9. Nbd2 O-O 10. d5 Nd8 11. a4 e5 12. Nc4 Nh5 13. Nfd2 f5 14. exf5 Qxf5
15. Ne4 Nf6 16. Nexd6 Qd7 17. Rxe5 Nf7 18. Re6 Nxd6 19. Nxd6 Rad8 20. Bg5 h6
21. Bh4 g5 22. Bg3 h5 23. h4 g4 24. Qd2 Kh7 25. Qg5 Bh6 26. Qf5+ Kg7 27. Be5
1-0

[Event "2022 Wolfgang Leonhardt Cup"]
[Site "Woodvale, Perth WA AUS"]
[Date "2022.09.21"]
[Round "7"]
[White "De Vas, Saminda"]
[Black "Maris, Rob"]
[Result "1/2-1/2"]
[EventDate "2022.08.10"]
[EventType "swiss"]
[EventRounds "7"]
[EventCountry "AUS"]
[TimeControl "3600+30"]
[WhiteElo "2031"]
[BlackElo "2072"]
[PlyCount "37"]

1. d4 Nf6 2. c4 e6 3. Nf3 b6 4. Bg5 Bb7 5. e3 Be7 6. Nbd2 Ne4 7. Bxe7 Qxe7 8.
a3 d6 9. Nxe4 Bxe4 10. Bd3 Bxd3 11. Qxd3 Nd7 12. O-O c5 13. b4 O-O 14. bxc5
bxc5 15. Rfb1 Rab8 16. a4 e5 17. Qc2 a6 18. a5 Rfc8 19. d5 1/2-1/2

[Event "2022 Wolfgang Leonhardt Cup"]
[Site "Woodvale, Perth WA AUS"]
[Date "2022.09.21"]
[Round "7"]
[White "Saxon, Marc"]
[Black "Maggs, Derwent"]
[Result "0-1"]
[EventDate "2022.08.10"]
[EventType "swiss"]
[EventRounds "7"]
[EventCountry "AUS"]
[TimeControl "3600+30"]
[WhiteElo "2015"]
[BlackElo "2340"]
[PlyCount "86"]

1. e4 c6 2. d4 d5 3. Nc3 dxe4 4. Nxe4 Bf5 5. Ng3 Bg6 6. Nf3 Nd7 7. c4 e6 8. Bf4
Bb4+ 9. Bd2 Be7 10. Bc3 Ngf6 11. h4 Nh5 12. Ne2 Ndf6 13. Ne5 Ne4 14. g3 O-O 15.
Bg2 Nxc3 16. bxc3 f5 17. Nxg6 hxg6 18. Bf3 Bd6 19. c5 Bc7 20. Qb3 Qc8 21. O-O
Nf6 22. Rfe1 Re8 23. Rab1 Rb8 24. Nc1 Kh7 25. Nd3 f4 26. Ne5 fxg3 27. fxg3 Nd7
28. Nf7 Nf8 29. Bg4 Bxg3 30. Re3 Qc7 31. Ng5+ Kh8 32. Bxe6 Qf4 33. Nf7+ Kh7 34.
Ng5+ Kh6 35. Rf3 Qxh4 36. Nf7+ Kh7 37. c4 Qh2+ 38. Kf1 Qh1+ 39. Ke2 Rxe6+ 40.
Ne5 Qg2+ 41. Kd1 Bxe5 42. Rb2 Qg1+ 43. Kc2 Bxd4 0-1

[Event "2022 Wolfgang Leonhardt Cup"]
[Site "Woodvale, Perth WA AUS"]
[Date "2022.09.21"]
[Round "7"]
[White "Leonhardt, Wolfgang"]
[Black "Janceski, Alex"]
[Result "0-1"]
[EventDate "2022.08.10"]
[EventType "swiss"]
[EventRounds "7"]
[EventCountry "AUS"]
[TimeControl "3600+30"]
[WhiteElo "1776"]
[BlackElo "1930"]
[PlyCount "36"]

1. e4 c5 2. Nf3 d6 3. Bc4 e6 4. d4 cxd4 5. Nxd4 Nf6 6. Nc3 a6 7. a4 Be7 8. O-O
O-O 9. Be3 Qc7 10. Bd3 Nbd7 11. a5 b5 12. axb6 Nxb6 13. Qe2 Bb7 14. Nf3 d5 15.
exd5 Nfxd5 16. Nxd5 Nxd5 17. Ra4 Qc6 18. Be4 Qxa4 0-1

[Event "2022 Wolfgang Leonhardt Cup"]
[Site "Woodvale, Perth WA AUS"]
[Date "2022.09.21"]
[Round "7"]
[White "List, Ross"]
[Black "Doshi, Chirag"]
[Result "1/2-1/2"]
[EventDate "2022.08.10"]
[EventType "swiss"]
[EventRounds "7"]
[EventCountry "AUS"]
[TimeControl "3600+30"]
[WhiteElo "1755"]
[BlackElo "1825"]
[PlyCount "49"]

1. d4 d5 2. c4 e6 3. Nc3 Nf6 4. cxd5 exd5 5. Bg5 Be7 6. e3 c6 7. Bd3 O-O 8. Qc2
h6 9. Bh4 Na6 10. a3 Nc7 11. h3 Ne6 12. Nf3 Bd7 13. O-O Rc8 14. Bg3 c5 15. Qd1
cxd4 16. exd4 Qb6 17. Na4 Bxa4 18. Qxa4 Qxb2 19. Rfb1 Qc3 20. Bf1 a6 21. Qd1
Qc2 22. Qxc2 Rxc2 23. Rxb7 Bd8 24. Bxa6 Ne4 25. a4 1/2-1/2

[Event "2022 Wolfgang Leonhardt Cup"]
[Site "Woodvale, Perth WA AUS"]
[Date "2022.09.21"]
[Round "7"]
[White "Clarke, Daniel"]
[Black "Oswald, Franz"]
[Result "1-0"]
[EventDate "2022.08.10"]
[EventType "swiss"]
[EventRounds "7"]
[EventCountry "AUS"]
[TimeControl "3600+30"]
[WhiteElo "1784"]
[BlackElo "1551"]
[PlyCount "97"]

1. e4 c6 2. d4 d5 3. Nc3 dxe4 4. Nxe4 Bf5 5. Ng3 Bg6 6. h4 h6 7. Nf3 Nd7 8. h5
Bh7 9. Bd3 Bxd3 10. Qxd3 e6 11. Bf4 Qa5+ 12. Bd2 Bb4 13. c3 Be7 14. c4 Qc7 15.
O-O-O Ngf6 16. Kb1 O-O 17. Ne4 Nxe4 18. Qxe4 Nf6 19. Qe2 c5 20. Bc3 cxd4 21.
Nxd4 Qf4 22. Ka1 Qe4 23. f3 Qxe2 24. Nxe2 Rfd8 25. g4 Rxd1+ 26. Rxd1 Rd8 27.
Rd4 Rxd4 28. Bxd4 b6 29. Nc3 Nd7 30. a3 f5 31. Nb5 e5 32. Be3 fxg4 33. fxg4 a6
34. Nc7 a5 35. b4 axb4 36. Nd5 Bc5 37. Bxc5 Nxc5 38. axb4 Nd3 39. Kb1 e4 40.
Kc2 Kf7 41. Kd2 Ke6 42. Ke3 Ke5 43. b5 Nc5 44. Nxb6 Nb7 45. Nd7+ Kd6 46. c5+
Nxc5 47. Nxc5 Kxc5 48. Kxe4 Kxb5 49. Kf5 1-0

[Event "2022 Wolfgang Leonhardt Cup"]
[Site "Woodvale, Perth WA AUS"]
[Date "2022.09.21"]
[Round "7"]
[White "Gough, Dylan"]
[Black "De Vas, Yonal"]
[Result "0-1"]
[EventDate "2022.08.10"]
[EventType "swiss"]
[EventRounds "7"]
[EventCountry "AUS"]
[TimeControl "3600+30"]
[WhiteElo "1710"]
[BlackElo "1523"]
[PlyCount "90"]

1. d4 d5 2. c4 e6 3. Nc3 Nf6 4. e3 c5 5. cxd5 cxd4 6. Qxd4 exd5 7. Be2 Nc6 8.
Qd1 Bb4 9. Bd2 O-O 10. Nf3 Ne4 11. Nxe4 dxe4 12. Bxb4 Qxd1+ 13. Bxd1 Nxb4 14.
Nd4 Nd3+ 15. Ke2 Nxb2 16. Bc2 f5 17. Rab1 Nd3 18. Bxd3 exd3+ 19. Kxd3 f4 20.
Rhf1 b6 21. Rbc1 Ba6+ 22. Kd2 fxe3+ 23. Kxe3 Bxf1 24. Rxf1 Rae8+ 25. Kd3 Rd8
26. Kc3 Rc8+ 27. Kb3 Rfd8 28. Nf3 Rd3+ 29. Kb2 a5 30. Re1 Rdc3 31. Re2 a4 32.
a3 Rb3+ 33. Ka2 Rcc3 34. Ng5 Rxa3+ 35. Kb1 Rcb3+ 36. Rb2 Rxb2+ 37. Kxb2 Rb3+
38. Ka2 b5 39. Ne4 b4 40. Nc5 Rc3 41. Ne4 Rc2+ 42. Kb1 Re2 43. Nc5 Rxf2 44.
Nxa4 Rxg2 45. h3 Rh2 0-1

[Event "2022 Wolfgang Leonhardt Cup"]
[Site "Woodvale, Perth WA AUS"]
[Date "2022.09.21"]
[Round "7"]
[White "Hintz, Steven"]
[Black "Garang, Kuol Awan"]
[Result "0-1"]
[EventDate "2022.08.10"]
[EventType "swiss"]
[EventRounds "7"]
[EventCountry "AUS"]
[TimeControl "3600+30"]
[WhiteElo "1572"]
[BlackElo "1645"]
[PlyCount "118"]

1. c4 e5 2. Nc3 Bb4 3. Qc2 Nc6 4. e3 Nf6 5. g3 Bxc3 6. Qxc3 d5 7. Bg2 O-O 8. d3
Re8 9. Ne2 Bg4 10. f3 d4 11. Qa3 Bc8 12. O-O Qe7 13. Qxe7 Rxe7 14. e4 Nb4 15.
Rd1 Nc2 16. Rb1 Bd7 17. b3 a5 18. Rb2 Nb4 19. a3 Na6 20. Bd2 b6 21. g4 Nc5 22.
Bg5 Re6 23. Ng3 g6 24. h3 Kg7 25. f4 Rc8 26. f5 Rd6 27. Bf3 h6 28. Bc1 Ng8 29.
Bg2 Ne7 30. Bf1 c6 31. Bd2 Ra8 32. Rc1 Rf6 33. g5 hxg5 34. Bxg5 gxf5 35. Bxf6+
Kxf6 36. exf5 Bxf5 37. Nxf5 Kxf5 38. b4 Ne6 39. Bg2 Nf4 40. Be4+ Ke6 41. Rd1
Nxh3+ 42. Kh1 Rh8 43. Kg2 Nf4+ 44. Kg1 f5 45. Bg2 Rg8 46. Kf1 Rg3 47. Rbd2 c5
48. b5 Neg6 49. Bb7 Nh4 50. Rh2 Nf3 51. Rh6+ Kd7 52. Kf2 Rg2+ 53. Kxf3 Re2 54.
Rhh1 Re3+ 55. Kf2 Nxd3+ 56. Kg2 Nf4+ 57. Kf2 Rxa3 58. Bf3 Rc3 59. Rc1 Nd3+ 0-1

[Event "2022 John Brooke Cup"]
[Site "Woodvale, Perth WA AUS"]
[Date "2022.09.21"]
[Round "7"]
[White "Browning, Thomas"]
[Black "Boswarva, Ernest"]
[Result "1-0"]
[EventDate "2022.08.10"]
[EventType "swiss"]
[EventRounds "7"]
[EventCountry "AUS"]
[TimeControl "3600+30"]
[WhiteElo "1496"]
[BlackElo "1506"]
[PlyCount "84"]

1. d4 d5 2. c4 c6 3. Nf3 e6 4. Nc3 Nd7 5. Bf4 Ngf6 6. h3 Bb4 7. a3 Bxc3+ 8.
bxc3 dxc4 9. e3 b5 10. Qb1 Nd5 11. Qb2 Nxf4 12. exf4 Nf6 13. Ne5 Bb7 14. a4 a6
15. Be2 Nd5 16. Bxc4 Nxf4 17. O-O Qg5 18. g3 Nxh3+ 19. Kh2 Qh6 20. axb5 cxb5
21. Bxb5+ Kf8 22. Qb4+ Kg8 23. f3 Nf4+ 24. Kg1 Nd5 25. Qd6 Qe3+ 26. Kh2 Qxc3
27. Bxa6 Qc7 28. Qxc7 Nxc7 29. Bxb7 Rd8 30. Nc6 Re8 31. Ra5 g6 32. Ne5 Kg7 33.
Rc1 Re7 34. Rac5 Ne8 35. Ba6 Nf6 36. Rc8 Nd5 37. Rxh8 Kxh8 38. Rc8+ Kg7 39. Bc4
Ne3 40. Bd3 f6 41. Ng4 Rd7 42. Nxe3 Rxd4 1-0

[Event "2022 John Brooke Cup"]
[Site "Woodvale, Perth WA AUS"]
[Date "2022.09.21"]
[Round "7"]
[White "Brooke, John"]
[Black "Powell, Darren"]
[Result "1/2-1/2"]
[EventDate "2022.08.10"]
[EventType "swiss"]
[EventRounds "7"]
[EventCountry "AUS"]
[TimeControl "3600+30"]
[WhiteElo "1346"]
[BlackElo "1232"]
[PlyCount "182"]

1. c4 g6 2. d4 Bg7 3. Nf3 Nf6 4. Nc3 b6 5. e4 O-O 6. h3 h6 7. Bf4 a6 8. a4 Bb7
9. Qc2 e6 10. Be2 d5 11. e5 Ne4 12. Na2 c5 13. Rd1 Qe7 14. O-O a5 15. Nc1 Na6
16. Nd3 Rac8 17. b3 Nb4 18. Nxb4 cxb4 19. Bd3 Nc3 20. Rc1 dxc4 21. Bxc4 Bxf3
22. gxf3 Qh4 23. Bh2 Qxh3 24. Qd3 Rfd8 25. Rfe1 h5 26. Rc2 Qh4 27. f4 Bh6 28.
Qg3 Qe7 29. Rd2 Nd5 30. Re4 Kh8 31. Qf3 f5 32. Re1 Qf7 33. Kf1 Rg8 34. Red1 Rg7
35. Rc2 g5 36. Ke1 gxf4 37. Rdc1 Rcg8 38. Bxd5 exd5 39. Ke2 Rg2 40. Bxf4 Bxf4
41. Qxf4 Qg6 42. Rc6 Qg4+ 43. Qxg4 fxg4 44. Rh6+ Kg7 45. Rxh5 Kg6 46. Rhh1 Kg5
47. Rcg1 Rxg1 48. Rxg1 Kf5 49. Ke3 Rc8 50. Rd1 Rc3+ 51. Rd3 Rc1 52. Ke2 Rh1 53.
Rg3 Rh4 54. Ke3 Rh1 55. Ke2 Kf4 56. e6 Rh7 57. f3 gxf3+ 58. Rxf3+ Ke4 59. Rf7
Rh8 60. e7 Re8 61. Rh7 Kxd4 62. Rh4+ Kc5 63. Rh7 Kd6 64. Rh6+ Kc7 65. Re6 Kd7
66. Rxb6 Rxe7+ 67. Kd3 Ke8 68. Rd6 Rc7 69. Rxd5 Rc3+ 70. Kd4 Rxb3 71. Rxa5 Rb1
72. Rb5 b3 73. Kc3 Ra1 74. Kxb3 Kd7 75. Kb4 Kc6 76. Ka5 Kd6 77. Rb4 Kc5 78. Rg4
Kd5 79. Kb5 Rb1+ 80. Rb4 Rc1 81. a5 Rc5+ 82. Ka4 Rc1 83. Rb5+ Kc4 84. Rb4+ Kc5
85. Rb3 Rc4+ 86. Ka3 Rc1 87. Rb2 Rc3+ 88. Rb3 Rc1 89. Ka4 Rc4+ 90. Ka3 Rh4 91.
a6 Rh6 1/2-1/2

[Event "2022 John Brooke Cup"]
[Site "Woodvale, Perth WA AUS"]
[Date "2022.09.21"]
[Round "7"]
[White "Massam, Justin"]
[Black "Hounsome, David"]
[Result "1-0"]
[EventDate "2022.08.10"]
[EventType "swiss"]
[EventRounds "7"]
[EventCountry "AUS"]
[TimeControl "3600+30"]
[WhiteElo "1442"]
[BlackElo "1334"]
[PlyCount "81"]

1. d4 d5 2. Nf3 Nf6 3. Bf4 e6 4. Nbd2 c5 5. c3 Bd6 6. e3 Qc7 7. Bxd6 Qxd6 8.
Ne5 Nbd7 9. Ndf3 O-O 10. Bd3 b6 11. O-O Bb7 12. Re1 Rac8 13. Qa4 c4 14. Be2 a6
15. Rac1 b5 16. Qd1 Ne4 17. Nxd7 Qxd7 18. Ne5 Qd6 19. a4 f6 20. Nf3 f5 21. Ne5
Rf6 22. f4 Rh6 23. Rf1 Qe7 24. Nf3 Bc6 25. axb5 axb5 26. Ra1 Be8 27. g3 Bh5 28.
Ne5 Nf6 29. Bxh5 Rxh5 30. Ra6 Rh6 31. Qe2 Ne4 32. Rfa1 Rf6 33. Ra7 Rc7 34. Ra8+
Rf8 35. R1a5 Rb7 36. Qd1 g6 37. Qa1 Rxa8 38. Rxa8+ Kg7 39. Qa6 Nf6 40. Nc6 Qd7
41. Nd8 1-0

[Event "2022 John Brooke Cup"]
[Site "Woodvale, Perth WA AUS"]
[Date "2022.09.21"]
[Round "7"]
[White "Lanham, Bruce"]
[Black "Watson, Jake"]
[Result "1-0"]
[EventDate "2022.08.10"]
[EventType "swiss"]
[EventRounds "7"]
[EventCountry "AUS"]
[TimeControl "3600+30"]
[WhiteElo "1168"]
[BlackElo "1085"]
[PlyCount "109"]

1. d4 e5 2. dxe5 Nc6 3. Nf3 Qe7 4. Bg5 Qc5 5. g3 Nxe5 6. Nxe5 Qxe5 7. Qc1 Qd5
8. Qe3+ Ne7 9. Rg1 h6 10. Bxe7 Bxe7 11. Nc3 Qd6 12. Rd1 Qb4 13. Qc1 O-O 14. a3
Qb6 15. Nd5 Qa5+ 16. b4 Bxb4+ 17. axb4 Qa4 18. c3 a5 19. Nxc7 Ra7 20. Nd5 Re8
21. e3 axb4 22. cxb4 b5 23. Qb1 Bb7 24. Bg2 Re5 25. Nc3 Qa3 26. Na2 Bxg2 27.
Rxg2 d6 28. Rxd6 g6 29. Rd2 Rae7 30. Kf1 Rc7 31. Qb2 Qxb2 32. Rxb2 Rd5 33. Ke2
Rd8 34. Rg1 Ra8 35. Rd1 Rca7 36. Rdd2 Kf8 37. Nc3 Rb7 38. Rd5 Rab8 39. Ra2 Rc8
40. Kd3 Rc4 41. Rb2 Ke7 42. Rxb5 Rxc3+ 43. Kxc3 Rxb5 44. Kc4 Rh5 45. b5 Rxh2
46. b6 Kd7 47. b7 Rxf2 48. b8=Q Rxb2 49. Qxb2 Ke7 50. Qb6 f6 51. Kd5 Kf7 52.
Qe6+ Kg7 53. Qe7+ Kg8 54. Ke6 Kh8 55. Kxf6 1-0

[Event "2022 John Brooke Cup"]
[Site "Woodvale, Perth WA AUS"]
[Date "2022.09.21"]
[Round "7"]
[White "Leech, Martin"]
[Black "Gough, Sebastian"]
[Result "1-0"]
[EventDate "2022.08.10"]
[EventType "swiss"]
[EventRounds "7"]
[EventCountry "AUS"]
[TimeControl "3600+30"]
[WhiteElo "1476"]
[BlackElo "1050"]
[PlyCount "57"]

1. e4 Nc6 2. d4 e5 3. d5 Nd4 4. c3 Nb5 5. Bxb5 c6 6. Bc4 Bc5 7. Nf3 f6 8. O-O
Qb6 9. b4 Bd6 10. Be3 Qc7 11. Nbd2 cxd5 12. exd5 f5 13. Qe2 e4 14. Bd4 Nf6 15.
Bxf6 gxf6 16. h3 Kf7 17. Nh4 Bh2+ 18. Kh1 Ke7 19. Nxf5+ Kd8 20. Qxe4 Re8 21.
Qh4 Qe5 22. Nd4 Bf4 23. N2f3 Qe7 24. Qxf4 d6 25. Rfe1 Qf7 26. Rxe8+ Qxe8 27.
Qxd6+ Qd7 28. Ne6+ Ke8 29. Qf8# 1-0

[Event "2022 John Brooke Cup"]
[Site "Woodvale, Perth WA AUS"]
[Date "2022.09.21"]
[Round "7"]
[White "De Vas, Senudi"]
[Black "Markou, Victor"]
[Result "1-0"]
[EventDate "2022.08.10"]
[EventType "swiss"]
[EventRounds "7"]
[EventCountry "AUS"]
[TimeControl "3600+30"]
[WhiteElo "1050"]
[BlackElo "1117"]
[PlyCount "129"]

1. d4 d5 2. c4 Nf6 3. cxd5 Nxd5 4. e3 g6 5. Nf3 Bg7 6. Bd3 O-O 7. Nc3 Nxc3 8.
bxc3 Nd7 9. O-O b6 10. Ba3 Bb7 11. e4 c5 12. Re1 Rc8 13. Qa4 Ra8 14. Bb5 Nb8
15. Rac1 a6 16. Bf1 b5 17. Qd1 c4 18. d5 Re8 19. Bc5 Nd7 20. Bd4 e5 21. Be3 Nf6
22. Bg5 h6 23. Bh4 g5 24. Bg3 Nh5 25. Nxe5 Nxg3 26. Nxf7 Kxf7 27. Qf3+ Kg8 28.
Qxg3 Qf6 29. Qc7 Qe7 30. Qxe7 Rxe7 31. a4 Rae8 32. f3 Bxd5 33. axb5 Bb7 34.
Bxc4+ Kh8 35. bxa6 Ba8 36. Red1 Rc7 37. Bb5 Rf8 38. Rd7 Rxd7 39. Bxd7 Rd8 40.
Rd1 Bxc3 41. Kf2 Ba5 42. Rd6 Kg7 43. Ke3 Kf7 44. Be6+ Ke7 45. Rxd8 Bxd8 46. Bc4
Kd6 47. Kd4 Bf6+ 48. Ke3 Kc5 49. Bd3 Bd4+ 50. Kd2 Bg1 51. h3 Bh2 52. Ke2 Kd4
53. Bc2 Bg1 54. g3 Kc5 55. f4 gxf4 56. gxf4 Kd4 57. e5 Be3 58. e6 Bxf4 59. e7
Bc6 60. a7 Bb5+ 61. Kd1 Ke3 62. e8=Q+ Bxe8 63. a8=Q Bh5+ 64. Kc1 Kd4+ 65. Kb1
1-0

[Event "2023 Perth Chess Club Championship"]
[Site "Woodvale, Perth WA AUS"]
[Date "2023.04.12"]
[Round "1"]
[White "Maris, Rob"]
[Black "Massam, Justin"]
[Result "1-0"]
[WhiteElo "2050"]
[BlackElo "1507"]
[PlyCount "47"]
[EventDate "2023.04.12"]
[EventType "swiss"]
[EventRounds "7"]
[EventCountry "AUS"]
[TimeControl "3600+30"]

1. c4 e5 2. Nc3 c5 3. Nf3 Nc6 4. e3 Nf6 5. d4 cxd4 6. exd4 e4 7. Ne5 Bb4 8.
Nxc6 dxc6 9. Be2 O-O 10. O-O Re8 11. Be3 Be6 12. Rc1 a6 13. a4 b6 14. Bg5 Bf5
15. d5 Bxc3 16. Rxc3 c5 17. Qd2 Qd6 18. Bf4 Qd7 19. b3 b5 20. Ra1 b4 21. Rg3
Bg4 22. Bg5 Bxe2 23. Bxf6 Bh5 24. Qh6 1-0

[Event "2023 Perth Chess Club Championship"]
[Site "Woodvale, Perth WA AUS"]
[Date "2023.04.12"]
[Round "1"]
[White "Leech, Martin"]
[Black "Lakner, Jay"]
[Result "0-1"]
[WhiteElo "1424"]
[BlackElo "2047"]
[PlyCount "50"]
[EventDate "2023.04.12"]
[EventType "swiss"]
[EventRounds "7"]
[EventCountry "AUS"]
[TimeControl "3600+30"]

1. e4 c5 2. Nf3 Nc6 3. d4 cxd4 4. Nxd4 g6 5. Nc3 Bg7 6. Be3 Nf6 7. f3 O-O 8.
Bc4 Qb6 9. Bb3 Nxe4 10. Nxe4 Bxd4 11. Bxd4 Qxd4 12. Qxd4 Nxd4 13. O-O-O Nxb3+
14. axb3 d6 15. g4 f5 16. Ng3 fxg4 17. fxg4 Bxg4 18. Rde1 Rae8 19. Re4 Bf3 20.
Rhe1 Bxe4 21. Rxe4 Rf2 22. h4 e5 23. Rg4 Rg2 24. h5 Kf7 25. hxg6+ hxg6 0-1

[Event "2023 Perth Chess Club Championship"]
[Site "Woodvale, Perth WA AUS"]
[Date "2023.04.12"]
[Round "1"]
[White "Saxon, Marc"]
[Black "Hounsome, David"]
[Result "1-0"]
[WhiteElo "2014"]
[BlackElo "1393"]
[PlyCount "65"]
[EventDate "2023.04.12"]
[EventType "swiss"]
[EventRounds "7"]
[EventCountry "AUS"]
[TimeControl "3600+30"]

1. e4 e6 2. d3 d5 3. Nd2 dxe4 4. Nxe4 Nd7 5. Bd2 Ngf6 6. Bc3 Be7 7. g3 O-O 8.
Bg2 Nxe4 9. Bxe4 Nf6 10. Bg2 c6 11. Ne2 Qc7 12. O-O b5 13. Nd4 Bb7 14. Qe2 Rad8
15. Nb3 c5 16. Ba5 Qc8 17. Bxd8 Rxd8 18. a4 a6 19. axb5 Bxg2 20. Kxg2 axb5 21.
Nd2 Nd5 22. Ra5 Qb7 23. Qf3 Qb6 24. Rfa1 g6 25. Ra7 Nc7 26. Rb7 Qd6 27. Ne4 Qd7
28. Raa7 Rc8 29. Nf6+ Bxf6 30. Qxf6 Qc6+ 31. f3 c4 32. Rxc7 Rxc7 33. Qd8+ 1-0

[Event "2023 Perth Chess Club Championship"]
[Site "Woodvale, Perth WA AUS"]
[Date "2023.04.12"]
[Round "1"]
[White "Gibson, Jacob"]
[Black "Maujean, Jean Michel"]
[Result "1-0"]
[WhiteElo "1964"]
[BlackElo "1307"]
[PlyCount "39"]
[EventDate "2023.04.12"]
[EventType "swiss"]
[EventRounds "7"]
[EventCountry "AUS"]
[TimeControl "3600+30"]

1. e4 e5 2. Nf3 Nc6 3. Bb5 Nf6 4. O-O Bc5 5. c3 O-O 6. d4 exd4 7. cxd4 Bb6 8.
d5 Ne7 9. Nc3 h6 10. e5 Ne8 11. d6 Ng6 12. a4 a6 13. Bc4 cxd6 14. exd6 Nf6 15.
Qd3 Kh8 16. Bxf7 Rxf7 17. Qxg6 Qf8 18. Ne5 Kg8 19. Bxh6 Ng4 20. Nxf7 1-0

[Event "2023 Perth Chess Club Championship"]
[Site "Woodvale, Perth WA AUS"]
[Date "2023.04.12"]
[Round "1"]
[White "Brooke, John"]
[Black "Plaganyi, Gyula"]
[Result "0-1"]
[WhiteElo "1301"]
[BlackElo "1935"]
[BlackTitle "CM"]
[PlyCount "44"]
[EventDate "2023.04.12"]
[EventType "swiss"]
[EventRounds "7"]
[EventCountry "AUS"]
[TimeControl "3600+30"]

1. e4 c5 2. Bc4 g6 3. Nc3 Bg7 4. Nge2 Nc6 5. O-O Nf6 6. a3 O-O 7. d3 d6 8. Bg5
h6 9. Bf4 Nh5 10. Be3 Nd4 11. Re1 Kh7 12. Qc1 e5 13. Nd5 b5 14. Ba2 f5 15. c3
Nxe2+ 16. Rxe2 f4 17. Bd2 f3 18. Re1 fxg2 19. Ne3 Qf6 20. Re2 Nf4 21. Qd1 Nh3+
22. Kxg2 Qf3+ 0-1